Probabilidad estimada de trabajo decente en la industria (Registro nro. 22823)

Detalles MARC
000 -LEADER
fixed length control field 00367 a2200121 4500
001 - CONTROL NUMBER
control field ART_6711
005 - DATE AND TIME OF LATEST TRANSACTION
control field 20260410161826.0
008 - FIXED-LENGTH DATA ELEMENTS--GENERAL INFORMATION
fixed length control field 260409a
100 1# - MAIN ENTRY--PERSONAL NAME
Personal name Alegre, Patricia
245 10 - TITLE STATEMENT
Title Probabilidad estimada de trabajo decente en la industria
700 1# - ADDED ENTRY--PERSONAL NAME
Personal name Liseras, Natacha
773 0# - HOST ITEM ENTRY
Title FACES
Related parts - Año 14, Nº 30/31 (ene./dic. 2008)
Record control number REV5046

No hay ítems disponibles.